[Event "Silkway Cup"]
[Site "T#646345FIDE"]
[Date "2020.05.28"]
[Round "9"]
[White "Atesh"]
[Black "NIKiler"]
[Result "0-1"]
[WhiteElo "1695"]
[BlackElo "1764"]
[Annotator "NA"]
[PlyCount "102"]
[EventDate "2020.05.28"]
[EventType "swiss (blitz)"]

1. c4 {[%emt 0:00:03]} Nf6 {[%emt 0:00:06]} 2. d4 {[%emt 0:00:03]} g6 {[%emt 0:00:01]} 3. Nc3 {[%emt 0:00:02]} d5 {[%emt 0:00:00]} 4. Bf4 {[%emt 0:00:04]} Bg7 {[%emt 0:00:02]} 5. e3 {[%emt 0:00:01]} O-O {[%emt 0:00:01]} 6. Rc1 {[%emt 0:00:02]} c6 {[%emt 0:00:01]} 7. Nf3 {[%emt 0:00:02]} Be6 {[%emt 0:00:03]} 8. cxd5 {[%emt 0:00:07]} Nxd5 {[%emt 0:00:03]} 9. Be5 {[%emt 0:00:10]} Nf6 {[%emt 0:00:20]} 10. Be2 {[%emt 0:00:08]} Nbd7 {[%emt 0:00:01]} 11. Bg3 {[%emt 0:00:03]} Nh5 {[%emt 0:00:03]} 12. Bh4 {[%emt 0:00:02]} Nhf6 {[%emt 0:00:05]} 13. O-O {[%emt 0:00:02]} Qb6 {[%emt 0:00:01]} 14. Na4 {[%emt 0:00:06]} Qa5 {[%emt 0:00:03]} 15. a3 {[%emt 0:00:02]} Bd5 {[%emt 0:00:17]} 16. b4 {[%emt 0:00:04]} Qd8 {[%emt 0:00:01]} 17. Nd2 {[%emt 0:00:13]} b5 {[%emt 0:00:13]} 18. Nc3 {[%emt 0:00:17]} a6 {[%emt 0:00:01]} 19. Nb3 {[%emt 0:00:17]} Nb6 {[%emt 0:00:14]} 20. Na5 {[%emt 0:00:03]} Qd7 {[%emt 0:00:04]} 21. Qc2 {[%emt 0:00:19]} Rac8 {[%emt 0:00:04]} 22. Rfd1 {[%emt 0:00:02]} Qe6 {[%emt 0:00:13]} 23. Bxf6 {[%emt 0:00:15]} Qxf6 {[%emt 0:00:19]} 24. Ne4 {[%emt 0:00:06]} Qf5 {[%emt 0:00:05]} 25. Nc5 {[%emt 0:00:03]} Qg5 {[%emt 0:00:14]} 26. e4 {[%emt 0:00:09]} Be6 {[%emt 0:00:02]} 27. Nxe6 {[%emt 0:00:02]} fxe6 {[%emt 0:00:00]} 28. e5 {[%emt 0:00:07]} Nd5 {[%emt 0:00:05]} 29. Bf1 {[%emt 0:00:05]} Bh6 {[%emt 0:00:03]} 30. Rb1 {[%emt 0:00:12]} Qh5 {[%emt 0:00:01]} 31. Rb3 {[%emt 0:00:05]} Rf4 {[%emt 0:00:04]} 32. g3 {[%emt 0:00:07]} Rf7 {[%emt 0:00:08]} 33. Re1 {[%emt 0:00:06]} Rcf8 {[%emt 0:00:02]} 34. Re2 {[%emt 0:00:02]} Rc8 {[%emt 0:00:10]} 35. Bg2 {[%emt 0:00:04]} Qg4 {[%emt 0:00:19]} 36. Qe4 {[%emt 0:00:07]} Qg5 {[%emt 0:00:02]} 37. h4 {[%emt 0:00:05]} Qc1+ {[%emt 0:00:01]} 38. Kh2 {[%emt 0:00:01]} Rcf8 {[%emt 0:00:01]} 39. Rc2 {[%emt 0:00:08]} Qd1 {[%emt 0:00:01]} 40. f4 {[%emt 0:00:20]} Bxf4 {[%emt 0:00:03]} 41. gxf4 {[%emt 0:00:02]} Rxf4 {[%emt 0:00:00]} 42. Qe2 {[%emt 0:00:01]} Rxh4+ {[%emt 0:00:01]} 43. Kg3 {[%emt 0:00:01]} Qxd4 {[%emt 0:00:02]} 44. Rf3 {[%emt 0:00:04]} Qg4+ {[%emt 0:00:18]} 45. Kf2 {[%emt 0:00:01]} Nf4 {[%emt 0:00:01]} 46. Qf1 {[%emt 0:00:03]} Rh2 {[%emt 0:00:01]} 47. Ke3 {[%emt 0:00:02]} Rxg2 {[%emt 0:00:08]} 48. Rxf4 {[%emt 0:00:05]} Qg3+ {[%emt 0:00:08]} 49. Rf3 {[%emt 0:00:01]} Rxf3+ {[%emt 0:00:04]} 50. Qxf3 {[%emt 0:00:02]} Qxf3+ {[%emt 0:00:00]} 51. Kxf3 {[%emt 0:00:00]} Rxc2 {[%emt 0:00:00] Atesh resigns (Lag: Av=0.49s, max=1.0s)} 0-1

[Event "Silkway Cup"]
[Site "T#646345FIDE"]
[Date "2020.05.28"]
[Round "9"]
[White "Nara_Kh"]
[Black "AbdullaKh"]
[Result "1-0"]
[WhiteElo "1654"]
[BlackElo "1660"]
[Annotator "NA"]
[PlyCount "61"]
[EventDate "2020.05.28"]
[EventType "swiss (blitz)"]

1. e4 {[%emt 0:00:02]} c5 {[%emt 0:00:02]} 2. Be2 {[%emt 0:00:01]} e6 {[%emt 0:00:02]} 3. f4 {[%emt 0:00:04]} d5 {[%emt 0:00:03]} 4. d3 {[%emt 0:00:02]} Nc6 {[%emt 0:00:03]} 5. Nf3 {[%emt 0:00:02]} g6 {[%emt 0:00:09]} 6. O-O {[%emt 0:00:02]} Bg7 {[%emt 0:00:01]} 7. Nbd2 {[%emt 0:00:10]} Nge7 {[%emt 0:00:02]} 8. c3 {[%emt 0:00:08]} O-O {[%emt 0:00:05]} 9. Qe1 {[%emt 0:00:02]} dxe4 {[%emt 0:00:32]} 10. dxe4 {[%emt 0:00:18]} e5 {[%emt 0:00:08]} 11. fxe5 {[%emt 0:00:32]} Nxe5 {[%emt 0:00:02]} 12. Nxe5 {[%emt 0:00:01]} Bxe5 {[%emt 0:00:00]} 13. Nf3 {[%emt 0:00:07]} Bg7 {[%emt 0:00:01]} 14. e5 {[%emt 0:00:14]} Nc6 {[%emt 0:00:14]} 15. Bf4 {[%emt 0:00:07]} Re8 {[%emt 0:00:12]} 16. Rd1 {[%emt 0:00:33]} Qe7 {[%emt 0:00:06]} 17. Qf2 {[%emt 0:00:16]} Bg4 {[%emt 0:00:27]} 18. Bc4 {[%emt 0:00:19]} Be6 {[%emt 0:00:59]} 19. Bxe6 {[%emt 0:00:05]} fxe6 {[%emt 0:00:00]} 20. Qe3 {[%emt 0:00:09]} b6 {[%emt 0:00:03]} 21. Rd6 {[%emt 0:00:05]} Na5 {[%emt 0:00:03]} 22. b3 {[%emt 0:00:04]} Nb7 {[%emt 0:00:01]} 23. Rd2 {[%emt 0:00:04]} Rad8 {[%emt 0:00:03]} 24. Rdf2 {[%emt 0:00:03]} Rf8 {[%emt 0:00:02]} 25. Bg5 {[%emt 0:00:02]} Qc7 {[%emt 0:00:06]} 26. Bxd8 {[%emt 0:00:01]} Rxd8 {[%emt 0:00:04]} 27. Ng5 {[%emt 0:00:03]} Qe7 {[%emt 0:00:05]} 28. Rf7 {[%emt 0:00:03]} Qe8 {[%emt 0:00:05]} 29. Rxb7 {[%emt 0:00:02]} h6 {[%emt 0:00:03]} 30. Ne4 {[%emt 0:00:03]} Bxe5 {[%emt 0:00:02]} 31. Qxh6 {[%emt 0:00:02] AbdullaKh resigns (Lag: Av=0.45s, max=0.7s)} 1-0

[Event "Silkway Cup"]
[Site "T#646345FIDE"]
[Date "2020.05.28"]
[Round "9"]
[White "Moonlightbae"]
[Black "Elene tsotsonava"]
[Result "0-1"]
[WhiteElo "1524"]
[BlackElo "1709"]
[Annotator "NA"]
[PlyCount "38"]
[EventDate "2020.05.28"]
[EventType "swiss (blitz)"]

1. Nf3 {[%emt 0:00:02]} d5 {[%emt 0:00:02]} 2. d4 {[%emt 0:00:02]} c5 {[%emt 0:00:01]} 3. e3 {[%emt 0:00:10]} Nf6 {[%emt 0:00:06]} 4. c4 {[%emt 0:00:01]} dxc4 {[%emt 0:00:00]} 5. Bxc4 {[%emt 0:00:01]} e6 {[%emt 0:00:02]} 6. O-O {[%emt 0:00:02]} a6 {[%emt 0:00:03]} 7. a4 {[%emt 0:00:02]} Nc6 {[%emt 0:00:08]} 8. Nc3 {[%emt 0:00:03]} Bd6 {[%emt 0:00:06]} 9. e4 {[%emt 0:00:20]} cxd4 {[%emt 0:00:12]} 10. Ne2 {[%emt 0:00:40]} Nxe4 {[%emt 0:00:10]} 11. Nexd4 {[%emt 0:00:02]} Nxd4 {[%emt 0:00:45]} 12. Qxd4 {[%emt 0:00:08]} Nf6 {[%emt 0:00:23]} 13. Bg5 {[%emt 0:00:31]} Be7 {[%emt 0:00:05]} 14. Qh4 {[%emt 0:00:44]} O-O {[%emt 0:00:09]} 15. Rfd1 {[%emt 0:00:02]} Qb6 {[%emt 0:00:09]} 16. Ne5 {[%emt 0:00:27]} h6 {[%emt 0:00:17]} 17. Be3 {[%emt 0:00:10]} Qc7 {[%emt 0:00:05]} 18. Qg3 {[%emt 0:00:02]} Nh5 {[%emt 0:00:11]} 19. Qh4 {[%emt 0:00:03]} Bxh4 {[%emt 0:00:04] Moonlightbae resigns (Lag: Av=0.70s, max=4.0s)} 0-1

[Event "Silkway Cup"]
[Site "T#646345FIDE"]
[Date "2020.05.28"]
[Round "9"]
[White "Ati1517"]
[Black "Niadongh"]
[Result "1-0"]
[WhiteElo "1504"]
[BlackElo "1518"]
[Annotator "NA"]
[PlyCount "99"]
[EventDate "2020.05.28"]
[EventType "swiss (blitz)"]

1. d4 {[%emt 0:00:02]} Nf6 {[%emt 0:00:01]} 2. Nf3 {[%emt 0:00:01]} c5 {[%emt 0:00:00]} 3. d5 {[%emt 0:00:01]} e6 {[%emt 0:00:01]} 4. c4 {[%emt 0:00:01]} exd5 {[%emt 0:00:01]} 5. cxd5 {[%emt 0:00:01]} d6 {[%emt 0:00:00]} 6. Nc3 {[%emt 0:00:03]} g6 {[%emt 0:00:01]} 7. e4 {[%emt 0:00:02]} Bg7 {[%emt 0:00:01]} 8. Be2 {[%emt 0:00:03]} O-O {[%emt 0:00:01]} 9. O-O {[%emt 0:00:01]} Na6 {[%emt 0:00:08]} 10. a3 {[%emt 0:00:07]} Nc7 {[%emt 0:00:01]} 11. Qc2 {[%emt 0:00:03]} a6 {[%emt 0:00:06]} 12. h3 {[%emt 0:00:03]} b5 {[%emt 0:00:01]} 13. Bf4 {[%emt 0:00:01]} Re8 {[%emt 0:00:12]} 14. Rad1 {[%emt 0:00:05]} b4 {[%emt 0:00:09]} 15. axb4 {[%emt 0:00:02]} cxb4 {[%emt 0:00:01]} 16. Na4 {[%emt 0:00:01]} Nxe4 {[%emt 0:00:06]} 17. Rfe1 {[%emt 0:00:20]} Nf6 {[%emt 0:00:11]} 18. Bc4 {[%emt 0:00:09]} Bf5 {[%emt 0:00:06]} 19. Qb3 {[%emt 0:00:03]} Rb8 {[%emt 0:00:11]} 20. Nd4 {[%emt 0:00:06]} Bd7 {[%emt 0:00:32]} 21. Nc6 {[%emt 0:00:11]} Rxe1+ {[%emt 0:00:09]} 22. Rxe1 {[%emt 0:00:03]} Bxc6 {[%emt 0:00:00]} 23. dxc6 {[%emt 0:00:01]} d5 {[%emt 0:00:08]} 24. Bd3 {[%emt 0:00:10]} a5 {[%emt 0:00:19]} 25. Nc5 {[%emt 0:00:03]} Rb6 {[%emt 0:00:21]} 26. Nb7 {[%emt 0:00:07]} Qb8 {[%emt 0:00:18]} 27. Nxa5 {[%emt 0:00:05]} Qa7 {[%emt 0:00:14]} 28. Qd1 {[%emt 0:00:23]} Qxa5 {[%emt 0:00:02]} 29. Bxc7 {[%emt 0:00:02]} Qa7 {[%emt 0:00:14]} 30. Bxb6 {[%emt 0:00:02]} Qxb6 {[%emt 0:00:00]} 31. Qa4 {[%emt 0:00:05]} Ne4 {[%emt 0:00:08]} 32. Bxe4 {[%emt 0:00:04]} dxe4 {[%emt 0:00:01]} 33. Qa8+ {[%emt 0:00:01]} Bf8 {[%emt 0:00:03]} 34. Rxe4 {[%emt 0:00:02]} Kg7 {[%emt 0:00:01]} 35. Qc8 {[%emt 0:00:08]} Bd6 {[%emt 0:00:06]} 36. Qd7 {[%emt 0:00:04]} Qc5 {[%emt 0:00:03]} 37. g3 {[%emt 0:00:08]} h5 {[%emt 0:00:07]} 38. h4 {[%emt 0:00:06]} Bxg3 {[%emt 0:00:01]} 39. Qd4+ {[%emt 0:00:03]} Qxd4 {[%emt 0:00:02]} 40. Rxd4 {[%emt 0:00:01]} Bc7 {[%emt 0:00:00]} 41. Rd7 {[%emt 0:00:02]} Bb6 {[%emt 0:00:00]} 42. c7 {[%emt 0:00:01]} Bxc7 {[%emt 0:00:00]} 43. Rxc7 {[%emt 0:00:01]} Kf6 {[%emt 0:00:00]} 44. Rb7 {[%emt 0:00:02]} Kf5 {[%emt 0:00:00]} 45. Rxb4 {[%emt 0:00:02]} f6 {[%emt 0:00:01]} 46. Ra4 {[%emt 0:00:02]} g5 {[%emt 0:00:01]} 47. hxg5 {[%emt 0:00:01]} fxg5 {[%emt 0:00:00]} 48. b4 {[%emt 0:00:01]} Ke5 {[%emt 0:00:00]} 49. Ra5+ {[%emt 0:00:02]} Kd6 {[%emt 0:00:02]} 50. Rxg5 {[%emt 0:00:01] Niadongh resigns (Lag: Av=0.70s, max=6.3s)} 1-0

[Event "Silkway Cup"]
[Site "T#646345FIDE"]
[Date "2020.05.28"]
[Round "9"]
[White "Diana lomaia"]
[Black "Meri-Arabidze"]
[Result "0-1"]
[WhiteElo "1477"]
[BlackElo "1612"]
[Annotator "NA"]
[PlyCount "88"]
[EventDate "2020.05.28"]
[EventType "swiss (blitz)"]

1. d4 {[%emt 0:00:02]} d5 {[%emt 0:00:02]} 2. c4 {[%emt 0:00:01]} e6 {[%emt 0:00:01]} 3. Nf3 {[%emt 0:00:02]} Nf6 {[%emt 0:00:01]} 4. g3 {[%emt 0:00:01]} Bb4+ {[%emt 0:00:03]} 5. Bd2 {[%emt 0:00:01]} Be7 {[%emt 0:00:01]} 6. Bg2 {[%emt 0:00:01]} O-O {[%emt 0:00:01]} 7. O-O {[%emt 0:00:01]} Nbd7 {[%emt 0:00:01]} 8. Qc2 {[%emt 0:00:03]} Ne4 {[%emt 0:00:06]} 9. Nc3 {[%emt 0:00:03]} Nxd2 {[%emt 0:00:03]} 10. Nxd2 {[%emt 0:00:04]} c6 {[%emt 0:00:02]} 11. e4 {[%emt 0:00:04]} dxe4 {[%emt 0:00:02]} 12. Ndxe4 {[%emt 0:00:02]} f5 {[%emt 0:00:01]} 13. Nd2 {[%emt 0:00:14]} e5 {[%emt 0:00:02]} 14. dxe5 {[%emt 0:00:06]} Nxe5 {[%emt 0:00:02]} 15. Rfe1 {[%emt 0:00:11]} Qc7 {[%emt 0:00:08]} 16. Nf3 {[%emt 0:00:22]} Nxf3+ {[%emt 0:00:04]} 17. Bxf3 {[%emt 0:00:02]} Bf6 {[%emt 0:00:07]} 18. Rad1 {[%emt 0:00:09]} Bd7 {[%emt 0:00:08]} 19. Ne2 {[%emt 0:00:05]} Rae8 {[%emt 0:00:26]} 20. Nf4 {[%emt 0:00:04]} Be5 {[%emt 0:00:06]} 21. Nd3 {[%emt 0:00:10]} Bd4 {[%emt 0:00:03]} 22. Nf4 {[%emt 0:00:07]} Rxe1+ {[%emt 0:00:33]} 23. Rxe1 {[%emt 0:00:04]} Qd6 {[%emt 0:00:20]} 24. b3 {[%emt 0:00:27]} b6 {[%emt 0:00:16]} 25. Rd1 {[%emt 0:00:19]} c5 {[%emt 0:00:03]} 26. Nd5 {[%emt 0:00:09]} Kh8 {[%emt 0:00:06]} 27. Re1 {[%emt 0:00:02]} Be6 {[%emt 0:00:20]} 28. Nf4 {[%emt 0:00:19]} Bg8 {[%emt 0:00:02]} 29. Bd5 {[%emt 0:00:09]} Be5 {[%emt 0:00:10]} 30. Rd1 {[%emt 0:00:16]} Bd4 {[%emt 0:00:06]} 31. Bxg8 {[%emt 0:00:05]} Kxg8 {[%emt 0:00:02]} 32. Re1 {[%emt 0:00:04]} Be5 {[%emt 0:00:07]} 33. Nd3 {[%emt 0:00:09]} Bf6 {[%emt 0:00:02]} 34. Nf4 {[%emt 0:00:02]} Be5 {[%emt 0:00:03]} 35. Nd3 {[%emt 0:00:02]} Bd4 {[%emt 0:00:01]} 36. Nf4 {[%emt 0:00:02]} g6 {[%emt 0:00:07]} 37. Nd5 {[%emt 0:00:04]} Rf7 {[%emt 0:00:08]} 38. Qe2 {[%emt 0:00:02]} Kg7 {[%emt 0:00:03]} 39. Kg2 {[%emt 0:00:01]} Qc6 {[%emt 0:00:06]} 40. f4 {[%emt 0:00:04]} b5 {[%emt 0:00:04]} 41. Qe6 {[%emt 0:00:01]} Qb7 {[%emt 0:00:08]} 42. Qd6 {[%emt 0:00:04]} bxc4 {[%emt 0:00:02]} 43. bxc4 {[%emt 0:00:04]} Qb2+ {[%emt 0:00:01]} 44. Kh3 {[%emt 0:00:01]} Qxa2 {[%emt 0:00:02] Time (Lag: Av=1.38s, max=3.7s)} 0-1

[Event "Silkway Cup"]
[Site "T#646345FIDE"]
[Date "2020.05.28"]
[Round "10"]
[White "GGuseinov"]
[Black "Maghala77"]
[Result "1-0"]
[WhiteElo "2873"]
[BlackElo "2276"]
[Annotator "NA"]
[PlyCount "121"]
[EventDate "2020.05.28"]
[EventType "swiss (blitz)"]

1. e4 {[%emt 0:00:02]} c6 {[%emt 0:00:01]} 2. d4 {[%emt 0:00:01]} d5 {[%emt 0:00:00]} 3. Nd2 {[%emt 0:00:01]} dxe4 {[%emt 0:00:01]} 4. Nxe4 {[%emt 0:00:00]} Bf5 {[%emt 0:00:00]} 5. Ng3 {[%emt 0:00:01]} Bg6 {[%emt 0:00:01]} 6. h4 {[%emt 0:00:01]} h6 {[%emt 0:00:01]} 7. Nf3 {[%emt 0:00:01]} Nd7 {[%emt 0:00:01]} 8. h5 {[%emt 0:00:01]} Bh7 {[%emt 0:00:01]} 9. Bd3 {[%emt 0:00:00]} Bxd3 {[%emt 0:00:01]} 10. Qxd3 {[%emt 0:00:00]} e6 {[%emt 0:00:00]} 11. Bd2 {[%emt 0:00:01]} Ngf6 {[%emt 0:00:01]} 12. O-O-O {[%emt 0:00:01]} Be7 {[%emt 0:00:00]} 13. Ne4 {[%emt 0:00:02]} Nxe4 {[%emt 0:00:03]} 14. Qxe4 {[%emt 0:00:00]} Nf6 {[%emt 0:00:01]} 15. Qd3 {[%emt 0:00:01]} Qd5 {[%emt 0:00:00]} 16. c4 {[%emt 0:00:02]} Qe4 {[%emt 0:00:03]} 17. Qb3 {[%emt 0:00:01]} O-O {[%emt 0:00:23]} 18. Rde1 {[%emt 0:00:04]} Qh7 {[%emt 0:00:06]} 19. Qxb7 {[%emt 0:00:02]} Rfe8 {[%emt 0:00:05]} 20. Qb3 {[%emt 0:00:18]} Ne4 {[%emt 0:00:32]} 21. Be3 {[%emt 0:00:01]} c5 {[%emt 0:00:12]} 22. Qc2 {[%emt 0:00:13]} Rac8 {[%emt 0:00:17]} 23. Kb1 {[%emt 0:00:09]} Red8 {[%emt 0:00:20]} 24. Rd1 {[%emt 0:00:15]} Bf6 {[%emt 0:00:15]} 25. Ka1 {[%emt 0:00:15]} Qf5 {[%emt 0:00:13]} 26. a3 {[%emt 0:00:28]} Rb8 {[%emt 0:00:08]} 27. Rhe1 {[%emt 0:00:10]} Nd6 {[%emt 0:00:13]} 28. Qc3 {[%emt 0:00:16]} Qxh5 {[%emt 0:00:05]} 29. Qc2 {[%emt 0:00:13]} Nf5 {[%emt 0:00:06]} 30. Qe4 {[%emt 0:00:04]} Nxd4 {[%emt 0:00:14]} 31. Nxd4 {[%emt 0:00:17]} cxd4 {[%emt 0:00:04]} 32. Bxd4 {[%emt 0:00:01]} Rxd4 {[%emt 0:00:23]} 33. Rxd4 {[%emt 0:00:00]} Qc5 {[%emt 0:00:01]} 34. Red1 {[%emt 0:00:08]} Qb6 {[%emt 0:00:03]} 35. R1d2 {[%emt 0:00:08]} Bxd4 {[%emt 0:00:13]} 36. Qxd4 {[%emt 0:00:00]} Qb7 {[%emt 0:00:02]} 37. f3 {[%emt 0:00:04]} a5 {[%emt 0:00:01]} 38. c5 {[%emt 0:00:02]} Qc6 {[%emt 0:00:04]} 39. Qd6 {[%emt 0:00:05]} Qb5 {[%emt 0:00:04]} 40. Rc2 {[%emt 0:00:06]} Qf1+ {[%emt 0:00:02]} 41. Ka2 {[%emt 0:00:01]} Qb5 {[%emt 0:00:00]} 42. c6 {[%emt 0:00:04]} Rc8 {[%emt 0:00:02]} 43. c7 {[%emt 0:00:04]} Kh7 {[%emt 0:00:04]} 44. Qc5 {[%emt 0:00:03]} Qa6 {[%emt 0:00:03]} 45. Rd2 {[%emt 0:00:05]} a4 {[%emt 0:00:01]} 46. Rd7 {[%emt 0:00:02]} Qb7 {[%emt 0:00:01]} 47. Qc2+ {[%emt 0:00:02]} f5 {[%emt 0:00:03]} 48. Qc3 {[%emt 0:00:05]} Rg8 {[%emt 0:00:04]} 49. Rxg7+ {[%emt 0:00:11]} Rxg7 {[%emt 0:00:00]} 50. c8=Q {[%emt 0:00:02]} Qd5+ {[%emt 0:00:00]} 51. Q8c4 {[%emt 0:00:01]} Qd1 {[%emt 0:00:01]} 52. Qc2 {[%emt 0:00:04]} Qd7 {[%emt 0:00:02]} 53. Q4xa4 {[%emt 0:00:01]} Qf7 {[%emt 0:00:01]} 54. Qac4 {[%emt 0:00:02]} Qg6 {[%emt 0:00:01]} 55. g4 {[%emt 0:00:01]} Rf7 {[%emt 0:00:02]} 56. gxf5 {[%emt 0:00:01]} exf5 {[%emt 0:00:01]} 57. a4 {[%emt 0:00:01]} Qf6 {[%emt 0:00:01]} 58. Q2c3 {[%emt 0:00:01]} Qg6 {[%emt 0:00:01]} 59. a5 {[%emt 0:00:01]} h5 {[%emt 0:00:01]} 60. a6 {[%emt 0:00:01]} Rf6 {[%emt 0:00:01]} 61. Qa3 {[%emt 0:00:03] Maghala77 resigns (Lag: Av=0.88s, max=1.4s)} 1-0

[Event "Silkway Cup"]
[Site "T#646345FIDE"]
[Date "2020.05.28"]
[Round "10"]
[White "T-sanikidze"]
[Black "Ninullia"]
[Result "1-0"]
[WhiteElo "2719"]
[BlackElo "1682"]
[Annotator "TA"]
[PlyCount "83"]
[EventDate "2020.05.28"]
[EventType "swiss (blitz)"]

{[%evp 12,83,7,8,15,11,21,11,30,36,30,21,85,82,99,21,12,14,38,55,70,74,68,68,67,52,105,97,84,116,283,291,336,350,336,358,329,217,266,189,293,289,287,290,266,216,231,218,306,256,359,367,399,131,619,620,610,589,797,763,931,908,1048,1030,1334,1574,1341,1302,29994,29995,29996,29997,29997,29998]} 1. d4 d5 2. c4 e6 3. Nf3 Nf6 4. Nc3 Bb4 5. e3 O-O 6. Bd3 dxc4 7. Bxc4 b6 {E51: Nimzo-Indian: Rubinstein: 4...0-0 5 Nf3 d5.} 8. O-O Bb7 9. a3 Bd6 {The position is equal. has lost popularity (9...Bxc3).} 10. Qe2 Nbd7 11. e4 {Black must now prevent e5.} e5 (11... c5 $11 {remains equal.}) 12. d5 $16 {[#]} Qe7 $146 ({Predecessor:} 12... a6 13. b4 Re8 14. Bb2 h6 15. Rfd1 Bc8 16. Ne1 Nf8 17. Nc2 Bg4 18. f3 Bc8 {1-0 (66) Feige,M (2387)-Schunk,T (2315) Seefeld 2005}) 13. Nb5 (13. Nh4 $16) 13... Nc5 14. Nxd6 cxd6 (14... Qxd6 {is interesting.} 15. Nd2 a5 16. Bb5 Rfc8 17. Nc4 Qf8) 15. Bg5 h6 16. Bxf6 Qxf6 17. b4 Nd7 18. Rfc1 Qg6 ({Black should try} 18... Qd8 $14) 19. Nh4 Qf6 20. Nf5 $36 {[%mdl 2048] White is really pushing.} Kh7 $2 (20... Rfd8 $16 {was necessary.} 21. Qd2 Nf8) 21. Bb5 $18 Rad8 22. Rc7 Bc8 23. Qe3 a6 24. Bd3 b5 25. Rac1 Rfe8 (25... Nb8 $142 26. Ng3 Qg5) 26. Qa7 g6 27. Ne3 Kg7 28. g3 Nf8 29. Kg2 Rd7 (29... h5 $142 30. h4 Nh7) 30. h4 Rxc7 (30... Qd8 $142 31. Rxd7 Bxd7 32. Qxa6 Qb8) 31. Rxc7 ({Less strong is} 31. Qxc7 Qd8 $16) 31... h5 {[#]} 32. Bc2 $2 (32. a4 $1 $18 {[%mdl 512] has better winning chances.}) 32... Bg4 $2 {[%mdl 8192] Black cannot hold the game after this.} (32... Nh7 $16 33. Bd3 Kg8) 33. Nxg4 hxg4 34. Bd1 g5 35. h5 Nh7 36. Bxg4 Rf8 37. Qxa6 Qd8 38. Rd7 Qb8 39. Qxd6 Nf6 {[#]} 40. h6+ $1 {White mates.} Kg6 (40... Kxh6 41. Qxf6+) 41. Bf5+ Kh5 42. Qxf6 {Accuracy: White = 73%, Black = 39%.} 1-0

[Event "Silkway Cup"]
[Site "T#646345FIDE"]
[Date "2020.05.28"]
[Round "10"]
[White "Durarbeyli Vasif"]
[Black "Nanadzagnidze"]
[Result "1-0"]
[WhiteElo "2711"]
[BlackElo "1945"]
[Annotator "TA"]
[PlyCount "103"]
[EventDate "2020.05.28"]
[EventType "swiss (blitz)"]

{[%evp 9,103,-6,-8,-8,-4,-7,-6,-18,0,-8,8,-14,-8,-8,-16,-33,-14,-32,-25,-25,-27,-43,-35,-43,-43,-50,0,0,8,4,11,7,1,-30,-23,-25,-13,-23,-23,-38,-23,-23,-23,-23,-23,-23,-23,-23,-20,-22,-24,-21,-29,-1202,0,0,75,83,85,84,159,160,262,0,0,0,34,0,0,0,0,0,0,0,0,0,0,0,0,0,0,0,29977,29978,29978,29979,29979,29980,29980,29980,29979,29980,29980,29981,29985,29986]} 1. e4 c5 2. b3 Nc6 3. Bb2 d6 4. Bb5 Bd7 5. f4 a6 6. Bxc6 {B20: Sicilian: Unusual White 2nd moves.} Bxc6 7. d3 Nf6 8. Nd2 $5 {[%mdl 4] The position is equal. Exploring less charted territory.} e6 9. Qe2 Be7 10. Ngf3 b5 11. O-O O-O 12. Kh1 {[#]} Bb7 $146 ({Predecessor:} 12... Qc7 13. Rae1 a5 14. e5 Nd5 15. exd6 Bxd6 16. Ne5 Bb7 17. c4 bxc4 18. bxc4 Ne7 {1-0 (36) Gelashvili,T (2616)-Krush,I (2486) Sturbridge 2011}) 13. a4 d5 14. e5 Nd7 15. f5 exf5 16. e6 fxe6 17. Qxe6+ Kh8 18. axb5 Bf6 19. Bxf6 Rxf6 20. Qe2 axb5 21. d4 c4 22. Rxa8 Bxa8 23. Ra1 Bc6 24. b4 f4 25. Ne5 Nxe5 26. Qxe5 h6 27. Nf3 Kh7 28. h3 Be8 29. Ra7 Bg6 30. c3 Be4 31. Nh2 $2 {[%mdl 8192]} (31. Kh2 $11) 31... f3 $2 (31... Rg6 $19 32. Qe7 Bxg2+ 33. Kg1 Qc8) 32. gxf3 $11 Bf5 (32... Qf8 $11 33. fxe4 Rf1+ 34. Nxf1 Qxf1+ {[%mdl 64] Double Attack} 35. Kh2 Qf2+ 36. Kh1 Qf1+ {[%mdl 64] Double Attack} 37. Kh2 Qf2+ 38. Kh1 Qf1+ {[%mdl 64] Double Attack}) 33. Ng4 $16 Bxg4 34. hxg4 {[%mdl 4096] Endgame KQR-KQR} Rg6 {[#]} ({Better is} 34... Qf8 35. Qxd5 Qe8) 35. Kg2 $1 Rf6 (35... Qg8 $16 36. Qf5 Qe6 37. Qxe6 Rxe6) 36. Re7 $2 (36. Rb7 $18) 36... Qf8 $1 $11 37. Re8 Qf7 $1 38. Re7 Qf8 $1 39. Rd7 Rxf3 {[#] ( -> ...Rf2+)} 40. Rxg7+ $1 {[%mdl 512]} Qxg7 41. Qxg7+ Kxg7 42. Kxf3 {KP-KP} Kg6 43. Kf4 {Black must now prevent Ke5.} Kf6 44. Kf3 $1 Kg5 45. Kg3 Kg6 $2 {[%mdl 8192] [#]} (45... Kf6 $11) 46. Kh4 $1 {White mates.} Kf6 47. Kh5 Kg7 48. g5 hxg5 49. Kxg5 Kf7 50. Kf5 Ke7 51. Ke5 Kd7 52. Kxd5 {Never resign too early! Accuracy: White = 84%, Black = 79%.} 1-0